A Hard Day's Night (Record no. 333102)
[ view plain ]
| 000 -LEADER | |
|---|---|
| fixed length control field | 00520nam a2200097Ia 4500 |
| 008 - FIXED-LENGTH DATA ELEMENTS--GENERAL INFORMATION | |
| fixed length control field | 170517s9999 xx 000 0 und d |
| 245 #2 - TITLE STATEMENT | |
| Title | A Hard Day's Night |
| 300 ## - PHYSICAL DESCRIPTION | |
| Extent | Very little needs to be said about this trend-setting 1964 classic: Simply put, A Hard Day's Night is the finest rock 'n' roll comedy ever made. It hit America shortly after the Beatles themselves did, and with the Fab Four as popular as they were, Stateside audiences... |
| 650 ## - SUBJECT ADDED ENTRY--TOPICAL TERM | |
| General subdivision | Art. |
| 856 ## - ELECTRONIC LOCATION AND ACCESS | |
| Uniform Resource Identifier | <a href="http://topdocumentaryfilms.com/a-hard-days-night/">http://topdocumentaryfilms.com/a-hard-days-night/</a> |
| Withdrawn status | Lost status | Damaged status | Home library | Current library | Date acquired | Total Checkouts | Date last seen | Price effective from | Koha item type |
|---|---|---|---|---|---|---|---|---|---|
| College Library | College Library | 05/17/2017 | 05/17/2017 | 05/17/2017 | Documentary Films |